000 00921nam a2200265 a 4500
001 BRL_1383
005 20190320211158.0
008 100114s1977----mx-ao#####---#000-0#spa-#
041 _aspa
044 _amx
050 4 _aF1219.1.C65
_b.W45 1977
100 1 _aWeitlaner Johnson, Irmgard
_924386
245 1 0 _aLos textiles de la cueva de la Candelaria, Coahuila
_cIrmgard Weitlaner Johnson.
260 _aMéxico
_bINAH, Departamento de Monumentos Prehispánicos : SEP
_c1977
300 _a195 p.
_bil., mapas
_c27 cm.
440 0 _aColección Científica
_v51
_9470
500 _aAu1617
500 _aIncluye dedicatoria a Ruth Lechuga
504 _aBibliografía: p. 187-192
650 1 4 _aIndustria textil indígena
_zCoahuila (Estado)
_926714
650 1 4 _aIndígenas de México
_xAntigüedades
_zCoahuila (Estado)
_926715
651 4 _aCoahuila (Estado)
_xAntigüedades
_926716
902 _aGRL
942 _2lcc
_cB
999 _c10194
_d10194